History Quiz

Random History or War Quiz

Political Photos from the 1980s Quiz Stats

Quiz Updated Sep 28, 2015

Challenge
Share
Tweet
Score 0/15 Timer 04:00
1 Play Today
% Correct
China 1989 - Tiananmen Square protests
96.1%
USSR (Russia) 1980 - Moscow summer olympics boycotted by 65 countries
94.7%
Cuba 1989 - Gorbachev meets Fidel Castro in Havana
91%
Afghanistan 1987 - Mujahideen during the Soviet invasion
89.5%
United States 1981 - The attempted assassination of Ronald Reagan
82.8%
Chile 1989 - Demonstrations against General Pinochet
80%
United Kingdom 1982 - Thatcher visits Falklands after the war with Argentina
79.9%
Iran 1982 - Line of tanks move towards the front line in the Iran-Iraq war
76.8%
% Correct
India 1984 - The funeral of Indira Gandhi
70.9%
Philippines 1986 - Demonstrations against president Marcos
63.9%
Zimbabwe 1980 - Mugabe wins election becoming the first black president
48.8%
Romania 1989 - Revolution against the communist government
48.2%
South Korea 1987 - Students demonstrates against election rigging in Seoul
45.3%
Lebanon 1983 - The bombing of the US Embassy in Beirut
36.1%
New Zealand 1985 - Sinking of Rainbow Warrior by French foreign intelligence
34.7%

You're not logged in!

Compare scores with friends on all Sporcle quizzes.
Join for Free
OR
Log In

You Might Also Like...

Show Comments

Extras

Top Quizzes Today


Score Distribution

Your Account Isn't Verified!

In order to create a playlist on Sporcle, you need to verify the email address you used during registration. Go to your Sporcle Settings to finish the process.

Report this User

Report this user for behavior that violates our Community Guidelines.

Details: